000 00607nam a2200193 a 4500
001 000024860
005 20200930023419.0
008 110207s1969 mx r 000 0 spa d
040 _aDO-SdBNP
_bspa
_cBNPHU
082 _aNNN
_bM385l
100 1 _aMartínez Estrada, Ezequiel,
_c1895-1964.
_92854
245 1 0 _aLeer y escribir /
_cEzequiel Martínez Estrada ; compilador Enrique Espinoza.
260 _aMéxico, D. F. :
_bJoaquín Mortiz,
_c1969.
300 _a156, [2] p. ;
_c18 cm.
490 1 _aDel volador
700 1 _aEspinoza, Enrique
_ecomp.
_951022
830 0 _aDel volador
_939061
049 _aBNGR
999 _c24353
_d24353